000 00356nam a2200133Ia 4500
005 20251222141935.0
008 251222s9999||||xx |||||||||||||| ||spa||
020 _a84-600-3326-0
082 _a868.6/L94
100 _aLozano Marco, Miguel Angel
245 0 _aDel Relato Modernista a la Novela Poemática:
264 _bUniversidad de Alicante
942 _cLIB
999 _c9176
_d9176